Modelovanie priehradovej konštrukcie stožiara VN

Uložené v:
Podrobná bibliografia
Hlavný autor: Kmeť, Jaroslav (Autor)
Ďalší autori: Prekop, Ľubomír (Vedúci práce)
Médium: Rukopis Kniha
Jazyk:Slovak
Vydavateľské údaje: 2020
Predmet:
On-line prístup:http://is.stuba.sk/zp/portal_zp.pl?podrobnosti=153023
https://opac.crzp.sk/?fn=detailBiblioForm&sid=F8FE310152E9D1F1EB164141F7FB
Tagy: Pridať tag
Žiadne tagy, Buďte prvý, kto otaguje tento záznam!

MARC

LEADER 00000ntm a22000003a 4500
001 stuzp73858
003 SK-STU
005 20230531142547.2
007 ta
008 150427s2015----xo-----f-mn---000-0-slo-d
040 |a STU  |b slo 
041 0 |a slo 
100 1 |a Kmeť, Jaroslav  |u 010250  |4 aut  |U SvF Stavebná fakulta  |T SvF Katedra stavebnej mechaniky  |X 87374  |U V250  |Y 26  |7 87374 
242 0 1 |a Modeling the dam structure of the VN mast  |y eng 
245 1 0 |a Modelovanie priehradovej konštrukcie stožiara VN 
260 |c 2020 
650 4 |a model  |2 slo 
650 4 |a stožiar  |2 slo 
650 4 |a analýza  |2 slo 
650 4 |a model  |2 eng 
650 4 |a mast  |2 eng 
650 4 |a analysis  |2 eng 
700 1 |a Prekop, Ľubomír  |u 010250  |k Z8  |4 ths  |U SvF Stavebná fakulta  |T SvF Katedra stavebnej mechaniky  |X 757  |U V250  |Y 26  |7 A000000757 
856 4 |u http://is.stuba.sk/zp/portal_zp.pl?podrobnosti=153023 
856 4 |u https://opac.crzp.sk/?fn=detailBiblioForm&sid=F8FE310152E9D1F1EB164141F7FB